Kritisches zur Fürsorgeerziehung

Saved in:  
Bibliographic Details
Main Author: Weiland, Werner (Author)
Format: Print Article
Language:German
Published: 1970
In: Soziale Arbeit
Year: 1970, Issue: 1, Pages: 13-22
Check availability: HBZ Gateway
Keywords:

MARC

LEADER 00000caa a22000002c 4500
001 1631621645
003 DE-627
005 20220607130325.0
007 tu
008 130410s1970 xx ||||| 00| ||ger c
035 |a (DE-627)1631621645 
035 |a (DE-576)380986809 
035 |a (DE-599)BSZ380986809 
040 |a DE-627  |b ger  |c DE-627  |e rakwb 
041 |a ger 
100 1 |a Weiland, Werner  |4 aut 
245 1 0 |a Kritisches zur Fürsorgeerziehung  |c Werner Weiland 
264 1 |c 1970 
336 |a Text  |b txt  |2 rdacontent 
337 |a ohne Hilfsmittel zu benutzen  |b n  |2 rdamedia 
338 |a Band  |b nc  |2 rdacarrier 
773 0 8 |i In  |t Soziale Arbeit  |d Baden-Baden : Nomos Verlag, 1951  |g (1970), 1, Seite 13-22  |w (DE-627)129061026  |w (DE-600)403-0  |w (DE-576)014391783  |x 0490-1606  |7 nnas 
773 1 8 |g year:1970  |g number:1  |g pages:13-22 
951 |a AR 
ELC |b 1 
LOK |0 000 xxxxxcx a22 zn 4500 
LOK |0 001 3282655061 
LOK |0 003 DE-627 
LOK |0 004 1631621645 
LOK |0 005 20260220100100 
LOK |0 008 130410||||||||||||||||ger||||||| 
LOK |0 040   |a DE-21-110  |c DE-627  |d DE-21-110 
LOK |0 689   |a s  |a Fürsorgeerziehung 
LOK |0 852   |z Kein Bestand am IfK; Nachweis für KrimDok 
LOK |0 852   |a DE-21-110 
LOK |0 852 1  |m v  |9 00 
LOK |0 935   |a k110 
LOK |0 938   |k v 
LOK |0 939   |a 10-04-13  |b l01 
ORI |a WA-MARC-krimdoka001.raw